Кучета (Запис номер 89650)
[ съкратено ]
| 000 -Лидер | |
|---|---|
| Контролно поле с фиксирана дължина | 01708nam a2200385 c 4500 |
| 003 - Код на организацията, давaща контролен номер | |
| Контролно поле | BLK |
| 005 - Дата и час на последна редакция | |
| Контролно поле | 20220615131957.0 |
| 008 - Елементи от данни с фиксирана дължина | |
| fixed length control field | 180408b bul|||||r ||||||| ||bul|| |
| 010 ## - Наследен системен номер | |
| LC control number | KNG00094351000 |
| 020 ## - Международен стандартен номер на книга ISBN | |
| Международен стандартен номер на книга ISBN | 978-954-431-385-2 |
| -- | издат.: Златното пате |
| 040 ## - Източник на каталожния запис | |
| Идентификатор на билиотеката - собственик на записа | BLK |
| 041 ## - Код за език | |
| Код за езика на текст/звукозапис или на отделно заглавие | Български |
| Код за езика КДБФ | Български |
| 080 ## - УДК | |
| Текстов определител УДК | Кучета |
| УДК код - определител по УДК | 636.7 |
| УДК определител | |
| УДК - код + определител | 636.7 |
| 139 ## - Редно поле | |
| Редна дума | Александрова, Елена Ивановна |
| Авторски знак | Алекс - А 51 |
| 245 10 - Сведения за заглавието | |
| Заглавие | Кучета |
| Подзаглавни данни | В помощ на ученика |
| Редно поле (дума) | текст Елена Ивановна Александрова; прев. от рус. Т. Петкова; ил. Е. В. Конкова. |
| 257 ## - Страна на издаване | |
| Страна на създаване/издаване | Русия |
| 260 ## - Област на издателските данни | |
| -- | София |
| Име на издателя, разпространителя и проч. | Златното пате |
| Година на издаване | 2008 |
| Печатница | София : Образование и наука |
| 300 ## - Физическа характеристика | |
| Страници | 96 с. |
| Илюстрации и др. | с цв. ил. |
| Размери/Мащаб | 25 см |
| 380 ## - Жанр | |
| Жанр | Детска отраслова лит. |
| 490 1# - СЕРИИ (Колекции) | |
| Име на серия | Поредица Опознай света |
| №: серия | Кн. 4 |
| 500 ## - Общи забележки | |
| Забележка | Без сведение за ориг. загл. : Ориг. загл. Собаки. - Авт. отбелязана в библиогр. каре, означена като Е. И. Александрова. - Азб. показалец. |
| 650 #4 - Допълнително описание по предмет – тема | |
| Основно описание – тема или топоним | Кучета |
| 9 (RLIN) | 160024 |
| 653 ## - Ключова дума – ненормативна | |
| Ключова дума | кучета |
| 653 ## - Ключова дума – ненормативна | |
| Ключова дума | породи |
| 653 ## - Ключова дума – ненормативна | |
| Ключова дума | детска литература |
| 653 ## - Ключова дума – ненормативна | |
| Ключова дума | литература за деца |
| 700 1# - Други автори (авторска отговорност) | |
| Лично име | Александрова, Елена Ивановна |
| Автороска отговорност (Описва отношението между автора и произведението) | текст |
| 9 (RLIN) | 303669 |
| 700 1# - Други автори (авторска отговорност) | |
| Лично име | Петкова, Т. |
| Автороска отговорност (Описва отношението между автора и произведението) | прев. от рус. |
| 9 (RLIN) | 303670 |
| 700 1# - Други автори (авторска отговорност) | |
| Лично име | Конкова, Е. В. |
| Автороска отговорност (Описва отношението между автора и произведението) | ил. |
| 9 (RLIN) | 81918 |
| 852 ## - Местоположение | |
| Форматна сигнатура | Цб 247200 |
| 856 4# - Електронен адрес и достъп | |
| Електронен формат | pdf - файл |
| Път до файла /url/ | |
| 856 4# - Електронен адрес и достъп | |
| Електронен формат | pdf - файл |
| Път до файла /url/ | |
| 942 ## - АРТИКУЛИ | |
| Вид на библиотечния материал | Книги |
| Скрит в OPAC | Не |
| Koha issues (borrowed), all copies | 8 |
| 944 ## - СЪЗДАВАНЕ И РЕДАКЦИЯ на ЗАПИСА | |
| Създаване/Редакция | Създаване |
| Дата на регистрацията/редакция | 15.02.2010 |
| Статус, дата на статуса | ф / |
| Служител, извършил регистрацията/редакцията | Людмила_Стоянова |
| 944 ## - СЪЗДАВАНЕ И РЕДАКЦИЯ на ЗАПИСА | |
| Създаване/Редакция | Редакция |
| Дата на регистрацията/редакция | 30.10.2012 |
| Статус, дата на статуса | ф / |
| Служител, извършил регистрацията/редакцията | |
| 999 ## - СИСТЕМНИ КОНТРОЛНИ НОМЕРА | |
| Koha biblionumber | 89650 |
| Koha biblioitemnumber | 89650 |
| Код за отписване | Код за изгубен артикул | Код за повреда | Коз за рестрикции | Код за отдаване | Артикулен № | Име на библиотеката - собственик | Име на библиотеката, в която се намира в момента | Статус (Текущо местоположение) | Дата на вписване в системата | Местоположение - отдел | Цена в лева | Инвентарен номер | Систематично азбучна сигнатура | Баркод | Номер на екземпляра | Цена в евро | Служебна бележка | Служебен тип на артикула |
|---|---|---|---|---|---|---|---|---|---|---|---|---|---|---|---|---|---|---|
| Не е изгубен | Не е повреден | без рестрикции | ползва се в читалня | 145147 | Регионална библиотека "Любен Каравелов" Русе | Регионална библиотека "Любен Каравелов" Русе | Хранилище | 2010-02-16 | Хранилище | 9.99 | 120000742206 | Цб 247200 | 120000742206 | 1 | 5.11 | Дост: Dp Вид: Д N: 34 Дата: 12.08.2009 | Книги | |
| Изтеглен | Не е изгубен | Не е повреден | без рестрикции | заемане за дома | 145148 | Регионална библиотека "Любен Каравелов" Русе | Регионална библиотека "Любен Каравелов" Русе | Детски отдел | 2012-06-21 | Детски отдел | 7.79 | 120000758473 | ДН 636/639/А 51 | 120000758473 | 2 | 3.98 | Дост: DA Вид: А N: 12 Дата: 21.06.2012 Дата инв: 20.08.2015 Бележки инв: Д2015 | Книги |